000 00604cam a22002172 4500
001 0000024429
005 20151217154510.0
008 130917s xx 000 0 eng d
020 _a0521697965 :
040 _aKABU
_cKABU
050 0 _aKD661
_b.H37 2007
100 1 _aHarris, Phil.
_@0000153324
245 1 3 _aAn Introduction to law /
_cPhil Harris.
250 _a7th ed.
260 _aCambridge :
_bC. U. P.,
_c2007.
300 _axxx, 496 p.
650 0 _aLaw
_zGreat Britain.
_@0000153325
852 1 _9p2495 KES
908 _a130917
950 _@1
999 _c11547
_d11547